Lady Antebellum - Need You Now Lyrics - Statistics

General Stats
  • This quiz has been taken 361 times
  • The average score is 187 of 219
Answer Stats
Lyric % Correct
i
99%
a
98%
and
98%
need
98%
now
98%
you
98%
it
95%
i'm
94%
it's
94%
one
93%
after
91%
all
91%
quarter
91%
the
91%
can
88%
your
88%
me
87%
alone
86%
but
86%
do
86%
if
86%
just
86%
know
86%
drunk
85%
for
84%
little
84%
said
84%
time
84%
wonder
84%
don't
83%
ever
83%
mind
83%
how
82%
picture
82%
wouldn't
82%
floor
81%
happens
81%
perfect
81%
call
80%
without
80%
can't
79%
cross
79%
around
77%
control
77%
lost
77%
anymore
76%
memories
76%
'cause
73%
at
71%
scattered
70%
phone
69%
of
66%
reaching
64%
fight
61%
in
60%
oh
60%
door
59%
looking
58%
stop
57%
did
56%
whiskey
56%
before
55%
shot
55%
another
53%
baby
53%
come
52%
way
52%
feel
51%
wishing
48%
nothing
47%
than
47%
you'd
47%
i'd
46%
rather
44%
hurt
43%
sweeping
36%
guess
31%
whoa
19%
No matching quizzes found
Score Distribution
Percent of People with Each Score
Percentile by Number Answered
Your Score History
You have not taken this quiz